Statistiques concernant L'école

Cliquez ici pour prendre le quiz!

Statistiques générales

  • Ce quiz a été pris 481 fois
  • Le résultat moyen est 8 sur 13

Statistiques - réponses

indicereponse% Correct
ils sont donnés pour le lendemainDdevoirs
92%
"chef" de l'établissementDdirecteur
83%
il peut être surprise ou prévenu à l'avanceCcontrôle
78%
dans les salles de classe , le bureau du professeur est sur une ?Eestrade
78%
matière où l'on travaille avec des chiffres et des lettres (calcul,...)Mmathématiques
77%
endroit où l'on mangeSself
69%
pauses dans la journéeRrécréations
65%
marque de stylo à billeBBIC
59%
pauses de deux semaines ou deux mois dans l'annéeVvacances
53%
elle est proposée après les coursEétude
52%
appellation de la première langue étrangère étudiéeLLV1
44%
endroit avec des livres ,des jeux, des BD,où l'on peut aussi déjeuner (en apportant le sien)Ffoyer
24%
appellation des langues comme le latin ou le grecLlangues mortes
19%

Distribution des résultats

Percentile par nombre de réponses

% des personnes avec chaque résultat

Votre développement - résultats

Vous n’avez pas pris ce quiz